00409pab a2200121 454500008004000000100002500040245010300065260000900168300001300177650004100190650001700231773003900248180718b2014 xxu||||| |||| 00| 0 eng d aPandey, Arvind Kumar aInter-regional inequality in the level of urbanisation in Uttar Pradesh: Insights from census data c2014 ap.38-46. aUrbanization - India - Uttar Pradesh aUrbanization aIndian Journal of Regional Science